000 00630nam a2200157 a 4500
001 000027950
005 20240319201746.0
008 110406s2005 dr 000 0 spa d
040 _aDO-SdBNP
_bspa
_cBNPHU
082 _axxx
_bT26a
100 1 _aTejada Holguín, Ramón,
_d1961-
_929856
245 1 0 _aAfiliación a la nueva seguridad social :
_banálisis del censo de preafiliación al seguro familiar de salud en las provincias Duarte, Salcedo y Samaná /
_cRamón Tejada Holguín. Jefrey Lizardo.
260 _aSanto Domingo :
_bPrograma de reforzamiento del Sistema de Salud,
_c2005.
300 _a45 p. ;
_c29 cm.
049 _aBNPD
999 _c27442
_d27442